Inspiring thoughts / (Record no. 85141)
[ view plain ]
| 000 -LEADER | |
|---|---|
| fixed length control field | 00967nam a22002777a 4500 |
| 005 - DATE AND TIME OF LATEST TRANSACTION | |
| control field | 20180308154517.0 |
| 010 ## - LCCN (DPL NO) | |
| LC control number | B-527758-759 |
| 020 ## - INTERNATIONAL STANDARD BOOK NUMBER | |
| International Standard Book Number | 9788170289265 |
| Terms of availability | 110.00 |
| 020 ## - INTERNATIONAL STANDARD BOOK NUMBER | |
| International Standard Book Number | 9788170289265 |
| Terms of availability | 150.00 (AV) |
| 020 ## - INTERNATIONAL STANDARD BOOK NUMBER | |
| International Standard Book Number | 8170289262 |
| Terms of availability | 110.00 |
| 035 ## - SYSTEM CONTROL NUMBER | |
| System control number | B-527758-759 |
| 035 ## - SYSTEM CONTROL NUMBER | |
| System control number | B-665113 |
| 037 ## - SOURCE OF ACQUISITION | |
| Source of stock number/acquisition | Prakashan Sansthan/Ven |
| Stock number | dpl |
| 082 ## - DEWEY DECIMAL CLASSIFICATION NUMBER | |
| Classification number | 808.88 |
| 100 ## - MAIN ENTRY--PERSONAL NAME | |
| Personal name | Swami Vivekanand |
| 245 ## - TITLE STATEMENT | |
| Title | Inspiring thoughts / |
| Statement of responsibility, etc | by Swami Vivekanand |
| 260 ## - PUBLICATION, DISTRIBUTION, ETC. (IMPRINT) | |
| Place of publication, distribution, etc | Delhi |
| Name of publisher, distributor, etc | Rajpal & Sons |
| Date of publication, distribution, etc | 2012 |
| 270 ## - ADDRESS | |
| Address | Kashmere Gate |
| City | Delhi |
| Postal code | 110006 |
| 300 ## - PHYSICAL DESCRIPTION | |
| Extent | 104p.: |
| Dimensions | 18cm (Hb) |
| Other physical details | ill. |
| 650 ## - SUBJECT ADDED ENTRY--TOPICAL TERM | |
| Topical term or geographic name as entry element | Quotation |
| 650 ## - SUBJECT ADDED ENTRY--TOPICAL TERM | |
| Topical term or geographic name as entry element | Inspiring Thoughts |
| 700 ## - ADDED ENTRY--PERSONAL NAME | |
| Personal name | Johri, Meera |
| 9 (RLIN) | 4707 |
| 942 ## - ADDED ENTRY ELEMENTS (KOHA) | |
| Source of classification or shelving scheme | Dewey Decimal Classification |
| Item type | English Books |
| Classification part | 808.88 |
| Call number suffix | SWA |
| Withdrawn status | Lost status | Not for loan | Collection code | Home library | Current library | Date acquired | Source of acquisition | Cost, normal purchase price | Full call number | Barcode | Copy number | Cost, replacement price | Koha item type |
|---|---|---|---|---|---|---|---|---|---|---|---|---|---|
| Non-fiction | Ashok Vihar | Ashok Vihar | 08/03/2018 | PS/505/28.2.2017/EN/AV/359/15.2.2017/7.3.2017 | 150.00 | 808.88 SWA | B-665113 | 1 | 150.00 | English Books | |||
| Non-fiction | Central Library | Central Library | 16/06/2014 | Prakashan Sansthan/306/21.10.2013/36/10.10.2013/29.10.2013 | 110.00 | 808.88 SWA | B-527758 | 1 | 110.00 | English Books | |||
| Non-fiction | New Police Line | New Police Line | 16/06/2014 | Prakashan Sansthan/306/21.10.2013/36/10.10.2013/29.10.2013 | 110.00 | 808.88 SWA | B-527759 | 1 | 110.00 | English Books |
